000
00247nam a2200097Ia 4500
001
1003593
005
20250826230451.0
008
250824s9999 xx 000 0 und d
245
0
_a
BEATRICE VE VANESSA
_c
JOHN YEOMAN
260
_b
HEP KİTAP YAYINLARI
999
_c
1003593
_d
1003593